| 000 | 00905nam a22002657i 4500 | ||
|---|---|---|---|
| 999 |
_c22732 _d22732 |
||
| 003 | AR-CdUCM | ||
| 008 | 231019b20112011pe a|||| |||| 001 0 spa d | ||
| 040 |
_aMUNICIPALIDAD PROVINCIAL DEL CUSCO _cBIBLIOTECA MUNICIPAL DEL CUSCO |
||
| 041 | _hspa | ||
| 082 |
_a398.20988 / G95 _bG95 |
||
| 100 |
_aGutiérrez Locumber, Teófilo _949244 |
||
| 245 | _aVoces Canchinas / | ||
| 260 |
_aSicuani-Cusco: _c2011. |
||
| 300 |
_a168 páginas. : _c21 cm. |
||
| 500 | _zBibliográfica: página 168 | ||
| 505 | _aHistoria de Canchis -- Marangani -- Sicuani -- San Pablo -- San Pedro -- Tinta -- Combapata -- Checacupe -- Pitumarca -- Tópicos ecológicos | ||
| 650 |
_aMarangani _949206 |
||
| 650 |
_aChecacupe _949207 |
||
| 650 |
_aCombapata _949208 |
||
| 650 |
_a San Pablo _929685 |
||
| 650 |
_aSan Pedro _929684 |
||
| 650 |
_aSicuani _929745 |
||
| 942 |
_2ddc _cLIBROS |
||
| 945 |
_apebm _d2023-10-19 |
||